Introduccin̤ al derecho

Detalles Bibliográficos
Autor principal: Rojas Gonzl̀ez, German
Formato: Desconocido
Lenguaje:español
Publicado: Bogot ̀: ECOE, 2003
Acceso en línea:Acceso restringido

MARC

LEADER 00000ny a22000003n 4500
005 20110530150815.0
008 090127s2003 ck s 000 0 spa d
020 |a 9586482588 
035 |a 2518 
040 |a UMA.RE  |d vLex 
080 |a 340.12(0.034) 
090 |c 369  |d 369 
100 1 |a Rojas Gonzl̀ez, German 
245 1 0 |a Introduccin̤ al derecho  |h [Recurso electrn̤ico]  |c Germǹ Rojas Gonzl̀ez 
256 |a Servicio en ln̕ea 
260 |a Bogot ̀:  |b ECOE,   |c 2003 
506 1 |a Contenido solo disponible en los productos indicados  |d vLex Global  |d vLex Global (Academic Edition, excluding Law Schools)  |d vLex Global (U.S. Academic Edition, Law Schools)  |d vLex Global (U.S. Academic Edition, excluding Law Schools)  |d vLex Global (Academic Edition, Law Schools) 
740 0 |a vLex Libros (Servicios en ln̕ea) 
856 4 0 |z Acceso restringido  |u http://vlex.com/source/introduccion-derecho-2518 
942 |c BOOK 
999 0 |a Law  |b Colombia